[Event "2nd Easter 4NCL Congress"]
[Site "Daventry"]
[Date "2022.04.17"]
[Round "5"]
[Board "3"]
[White "Hebden, Mark L"]
[Black "Okhai, Shabir"]
[Result "1-0"]
[WhiteElo "2532"]
[BlackElo "2267"]
[PlyCount "0"]
[EventDate "2022.04.15"]
[EventRounds "7"]
[EventCountry "ENG"]

1. d4 {[%clk 01:30:44]} {[%emt 00:00:15]} Nf6 {[%clk 01:30:55]} {[%emt
00:00:05]} 2. Nf3 {[%clk 01:30:59]} {[%emt 00:00:14]} e6 {[%clk 01:31:08]}
{[%emt 00:00:18]} 3. c4 {[%clk 01:30:51]} {[%emt 00:00:38]} c5 {[%clk
01:31:32]} {[%emt 00:00:06]} 4. e3 {[%clk 01:31:11]} {[%emt 00:00:10]} cxd4
{[%clk 01:31:52]} {[%emt 00:00:10]} 5. exd4 {[%clk 01:31:35]} {[%emt 00:00:05]}
d5 {[%clk 01:32:10]} {[%emt 00:00:13]} 6. Nc3 {[%clk 01:31:43]} {[%emt
00:00:22]} Bb4 {[%clk 01:31:49]} {[%emt 00:00:51]} 7. cxd5 {[%clk 01:32:01]}
{[%emt 00:00:12]} Nxd5 {[%clk 01:31:39]} {[%emt 00:00:40]} 8. Qc2 {[%clk
01:32:03]} {[%emt 00:00:28]} Nc6 {[%clk 01:29:55]} {[%emt 00:02:13]} 9. Bd3
{[%clk 01:31:03]} {[%emt 00:01:31]} h6 {[%clk 01:23:59]} {[%emt 00:06:26]} 10.
O-O {[%clk 01:31:13]} {[%emt 00:00:19]} Be7 {[%clk 01:22:36]} {[%emt 00:01:54]}
11. a3 {[%clk 01:27:16]} {[%emt 00:04:28]} O-O {[%clk 01:20:20]} {[%emt
00:02:45]} 12. Rd1 {[%clk 01:26:27]} {[%emt 00:01:19]} Kh8 {[%clk 01:16:14]}
{[%emt 00:04:36]} 13. Bc4 {[%clk 01:21:35]} {[%emt 00:05:22]} Nf6 {[%clk
01:02:04]} {[%emt 00:14:40]} 14. Bf4 {[%clk 01:19:12]} {[%emt 00:02:52]} Bd7
{[%clk 00:58:30]} {[%emt 00:04:05]} 15. Qd2 {[%clk 01:16:34]} {[%emt 00:03:07]}
Ng8 {[%clk 00:54:37]} {[%emt 00:04:24]} 16. d5 {[%clk 01:12:50]} {[%emt
00:04:14]} exd5 {[%clk 00:52:48]} {[%emt 00:02:18]} 17. Nxd5 {[%clk 01:12:38]}
{[%emt 00:00:42]} Bg4 {[%clk 00:48:46]} {[%emt 00:04:32]} 18. Qe3 {[%clk
01:01:58]} {[%emt 00:11:10]} Bxf3 {[%clk 00:43:17]} {[%emt 00:05:59]} 19. Qxf3
{[%clk 01:00:48]} {[%emt 00:01:41]} Rc8 {[%clk 00:40:53]} {[%emt 00:02:54]} 20.
Nxe7 {[%clk 00:56:25]} {[%emt 00:04:52]} Qxe7 {[%clk 00:39:51]} {[%emt
00:01:32]} 21. Bd6 {[%clk 00:56:35]} {[%emt 00:00:21]} Qg5 {[%clk 00:38:09]}
{[%emt 00:02:12]} 22. Bxf8 {[%clk 00:55:12]} {[%emt 00:01:52]} Ne5 {[%clk
00:37:52]} {[%emt 00:00:48]} 23. Qg3 {[%clk 00:53:22]} {[%emt 00:02:20]} Rxc4
{[%clk 00:34:41]} {[%emt 00:03:40]} 24. Qxg5 {[%clk 00:52:40]} {[%emt
00:01:12]} hxg5 {[%clk 00:35:09]} {[%emt 00:00:02]}  1-0

[Event "2nd Easter 4NCL Congress"]
[Site "Daventry"]
[Date "2022.04.17"]
[Round "5"]
[Board "4"]
[White "Bezuidenhout, Roland"]
[Black "Wilks, Simon"]
[Result "1/2-1/2"]
[WhiteElo "2332"]
[BlackElo "2161"]
[PlyCount "0"]
[EventDate "2022.04.15"]
[EventRounds "7"]
[EventCountry "ENG"]

1. e4 {[%clk 01:30:56]} {[%emt 00:00:03]} e6 {[%clk 01:30:49]} {[%emt
00:00:09]} 2. d3 {[%clk 01:30:15]} {[%emt 00:01:14]} d5 {[%clk 01:30:37]}
{[%emt 00:00:42]} 3. Qe2 {[%clk 01:29:01]} {[%emt 00:01:43]} Be7 {[%clk
01:24:41]} {[%emt 00:06:27]} 4. Nf3 {[%clk 01:29:17]} {[%emt 00:00:13]} Nf6
{[%clk 01:18:57]} {[%emt 00:06:15]} 5. g3 {[%clk 01:29:26]} {[%emt 00:00:20]}
c5 {[%clk 01:18:09]} {[%emt 00:01:19]} 6. Bg2 {[%clk 01:29:47]} {[%emt
00:00:08]} Nc6 {[%clk 01:18:04]} {[%emt 00:00:36]} 7. O-O {[%clk 01:30:08]}
{[%emt 00:00:08]} O-O {[%clk 01:17:42]} {[%emt 00:00:53]} 8. e5 {[%clk
01:30:32]} {[%emt 00:00:06]} Nd7 {[%clk 01:17:57]} {[%emt 00:00:16]} 9. c4
{[%clk 01:30:51]} {[%emt 00:00:10]} Nb6 {[%clk 00:59:25]} {[%emt 00:19:02]} 10.
Bf4 {[%clk 01:27:29]} {[%emt 00:03:52]} f5 {[%clk 00:48:15]} {[%emt 00:11:40]}
11. h4 {[%clk 01:18:08]} {[%emt 00:09:50]} Bd7 {[%clk 00:42:51]} {[%emt
00:05:55]} 12. Nc3 {[%clk 01:14:23]} {[%emt 00:04:15]} d4 {[%clk 00:40:59]}
{[%emt 00:02:23]} 13. Nb5 {[%clk 01:13:36]} {[%emt 00:01:16]} h6 {[%clk
00:39:27]} {[%emt 00:02:02]} 14. Qd2 {[%clk 01:11:33]} {[%emt 00:02:34]} Kh7
{[%clk 00:38:51]} {[%emt 00:01:06]} 15. a3 {[%clk 01:07:58]} {[%emt 00:04:05]}
a5 {[%clk 00:33:35]} {[%emt 00:05:45]} 16. Nd6 {[%clk 01:01:06]} {[%emt
00:07:22]} Qc7 {[%clk 00:27:07]} {[%emt 00:06:59]} 17. Qe2 {[%clk 00:54:21]}
{[%emt 00:07:14]} Nc8 {[%clk 00:21:45]} {[%emt 00:05:54]} 18. Nb5 {[%clk
00:51:02]} {[%emt 00:03:48]} Qd8 {[%clk 00:21:20]} {[%emt 00:00:55]} 19. h5
{[%clk 00:50:03]} {[%emt 00:01:29]} Be8 {[%clk 00:18:46]} {[%emt 00:03:03]} 20.
Nd2 {[%clk 00:49:34]} {[%emt 00:01:00]} Rb8 {[%clk 00:17:38]} {[%emt 00:01:37]}
21. Bf3 {[%clk 00:33:28]} {[%emt 00:16:36]} Bg5 {[%clk 00:14:14]} {[%emt
00:03:54]} 22. Bxg5 {[%clk 00:33:53]} {[%emt 00:00:05]} Qxg5 {[%clk 00:08:04]}
{[%emt 00:06:40]} 23. Kg2 {[%clk 00:33:21]} {[%emt 00:01:02]} Qe7 {[%clk
00:04:11]} {[%emt 00:04:23]} 24. Rae1 {[%clk 00:33:06]} {[%emt 00:00:45]} N6a7
{[%clk 00:04:01]} {[%emt 00:00:41]} 25. Nd6 {[%clk 00:30:23]} {[%emt 00:03:13]}
Bc6 {[%clk 00:03:21]} {[%emt 00:01:10]} 26. Bxc6 {[%clk 00:30:19]} {[%emt
00:00:34]} Nxc6 {[%clk 00:02:26]} {[%emt 00:01:25]} 27. f4 {[%clk 00:30:34]}
{[%emt 00:00:14]} Qd7 {[%clk 00:02:32]} {[%emt 00:00:24]} 28. Nb5 {[%clk
00:29:57]} {[%emt 00:01:08]} N8a7 {[%clk 00:02:01]} {[%emt 00:01:02]} 29. a4
{[%clk 00:25:09]} {[%emt 00:05:18]} Nxb5 {[%clk 00:01:54]} {[%emt 00:00:37]} 30.
axb5 {[%clk 00:25:35]} {[%emt 00:00:03]} Ne7 {[%clk 00:02:08]} {[%emt
00:00:15]} 31. Nf3 {[%clk 00:25:48]} {[%emt 00:00:17]} b6 {[%clk 00:01:48]}
{[%emt 00:00:51]} 32. Nh4 {[%clk 00:26:08]} {[%emt 00:00:09]} Rg8 {[%clk
00:01:23]} {[%emt 00:00:57]} 33. Kf2 {[%clk 00:25:39]} {[%emt 00:00:58]} Rbf8
{[%clk 00:01:00]} {[%emt 00:00:53]} 34. Rh1 {[%clk 00:26:01]} {[%emt 00:00:06]}
Qe8 {[%clk 00:00:42]} {[%emt 00:00:49]} 35. Rh3 {[%clk 00:26:14]} {[%emt
00:00:17]} Qf7 {[%clk 00:00:43]} {[%emt 00:00:30]} 36. Reh1 {[%clk 00:26:36]}
{[%emt 00:00:07]} Ra8 {[%clk 00:01:03]} {[%emt 00:00:12]} 37. Rg1 {[%clk
00:23:32]} {[%emt 00:03:33]} g5 {[%clk 00:00:37]} {[%emt 00:00:57]} 38. hxg6+
{[%clk 00:23:48]} {[%emt 00:00:13]} Nxg6 {[%clk 00:00:58]} {[%emt 00:00:09]} 39.
Qf3 {[%clk 00:18:21]} {[%emt 00:05:55]} Rac8 {[%clk 00:01:18]} {[%emt
00:00:12]} 40. Rgh1 {[%clk 00:18:12]} {[%emt 00:00:39]} Nxh4 {[%clk 00:01:15]}
{[%emt 00:00:33]} 41. Rxh4 {[%clk 00:18:31]} {[%emt 00:00:11]} Rg6 {[%clk
00:01:34]} {[%emt 00:00:11]} 42. Qh5 {[%clk 00:18:07]} {[%emt 00:00:53]} Qg7
{[%clk 00:01:52]} {[%emt 00:00:13]} 43. R1h3 {[%clk 00:17:51]} {[%emt
00:00:46]} Rg8 {[%clk 00:02:02]} {[%emt 00:00:20]} 44. Qf3 {[%clk 00:18:11]}
{[%emt 00:00:10]} Rc8 {[%clk 00:02:19]} {[%emt 00:00:13]} 45. Qh1 {[%clk
00:17:45]} {[%emt 00:00:55]} Rb8 {[%clk 00:02:13]} {[%emt 00:00:36]} 46. Ke2
{[%clk 00:15:35]} {[%emt 00:02:39]} Rg8 {[%clk 00:00:47]} {[%emt 00:01:57]} 47.
Kd2 {[%clk 00:15:07]} {[%emt 00:00:58]} Rb8 {[%clk 00:00:49]} {[%emt 00:00:28]}
48. Kc2 {[%clk 00:14:39]} {[%emt 00:00:57]} Rd8 {[%clk 00:00:59]} {[%emt
00:00:21]} 49. Rh5 {[%clk 00:14:40]} {[%emt 00:00:28]} Rb8 {[%clk 00:01:02]}
{[%emt 00:00:28]} 50. Kd1 {[%clk 00:09:33]} {[%emt 00:05:36]} Rd8 {[%clk
00:01:16]} {[%emt 00:00:16]} 51. Qc6 {[%clk 00:09:31]} {[%emt 00:00:32]} Rb8
{[%clk 00:01:01]} {[%emt 00:00:46]} 52. Qf3 {[%clk 00:09:32]} {[%emt 00:00:27]}
Qb7 {[%clk 00:01:14]} {[%emt 00:00:19]}  1/2-1/2

[Event "2nd Easter 4NCL Congress"]
[Site "Daventry"]
[Date "2022.04.17"]
[Round "5"]
[Board "5"]
[White "Gordon, Frederick"]
[Black "Bin-Suhayl, Ieysaa"]
[Result "1/2-1/2"]
[WhiteElo "1829"]
[BlackElo "2309"]
[PlyCount "0"]
[EventDate "2022.04.15"]
[EventRounds "7"]
[EventCountry "ENG"]

1. e4 {[%clk 01:30:59]} {[%emt 00:00:01]} e6 {[%clk 01:29:54]} {[%emt
00:01:38]} 2. Nf3 {[%clk 01:31:22]} {[%emt 00:00:07]} d5 {[%clk 01:30:18]}
{[%emt 00:00:06]} 3. Nc3 {[%clk 01:31:45]} {[%emt 00:00:07]} Nf6 {[%clk
01:30:16]} {[%emt 00:00:32]} 4. e5 {[%clk 01:32:05]} {[%emt 00:00:08]} Nfd7
{[%clk 01:30:40]} {[%emt 00:00:07]} 5. d4 {[%emt 00:00:15]} c5 {[%clk
01:31:06]} 6. dxc5 {[%clk 01:32:43]} {[%emt 00:00:11]} Nc6 {[%clk 01:31:23]}
{[%emt 00:00:14]} 7. Bf4 {[%clk 01:33:04]} {[%emt 00:00:09]} Nxc5 {[%clk
01:31:39]} {[%emt 00:00:14]} 8. a3 {[%clk 01:33:28]} {[%emt 00:00:07]} Be7
{[%clk 01:30:15]} {[%emt 00:01:53]} 9. Be2 {[%clk 01:33:37]} {[%emt 00:00:20]}
a6 {[%clk 01:29:51]} {[%emt 00:00:54]} 10. Qd2 {[%clk 01:33:35]} {[%emt
00:00:33]} d4 {[%clk 01:29:34]} {[%emt 00:00:47]} 11. Na2 {[%clk 01:33:48]}
{[%emt 00:00:17]} Ne4 {[%clk 01:29:59]} {[%emt 00:00:05]} 12. Qd3 {[%clk
01:34:09]} {[%emt 00:00:08]} Qd5 {[%clk 01:30:26]} {[%emt 00:00:03]} 13. h4
{[%clk 01:34:22]} {[%emt 00:00:18]} h6 {[%clk 01:28:32]} {[%emt 00:02:24]} 14.
h5 {[%clk 01:27:48]} {[%emt 00:07:04]} b5 {[%clk 01:26:46]} {[%emt 00:02:16]}
15. O-O {[%clk 01:25:36]} {[%emt 00:02:42]} Bb7 {[%clk 01:26:17]} {[%emt
00:00:58]} 16. Nb4 {[%clk 01:21:30]} {[%emt 00:04:36]} Bxb4 {[%clk 01:22:39]}
{[%emt 00:04:09]} 17. axb4 {[%clk 01:21:38]} {[%emt 00:00:23]} Nxb4 {[%clk
01:22:43]} {[%emt 00:00:25]} 18. Qxd4 {[%clk 01:21:58]} {[%emt 00:00:10]} Nxc2
{[%clk 01:23:02]} {[%emt 00:00:11]} 19. Qxd5 {[%clk 01:22:16]} {[%emt
00:00:12]} Bxd5 {[%clk 01:08:40]} {[%emt 00:14:52]} 20. Bxb5+ {[%clk 01:20:13]}
{[%emt 00:02:32]} axb5 {[%clk 01:07:41]} {[%emt 00:01:30]} 21. Rxa8+ {[%clk
01:20:28]} {[%emt 00:00:16]} Bxa8 {[%clk 01:08:09]} {[%emt 00:00:01]} 22. Rc1
{[%clk 01:20:35]} {[%emt 00:00:23]} Kd7 {[%clk 01:00:36]} {[%emt 00:08:04]} 23.
Rxc2 {[%clk 01:20:49]} {[%emt 00:00:15]} Rc8 {[%clk 00:55:55]} {[%emt
00:05:10]} 24. Rxc8 {[%clk 01:18:05]} {[%emt 00:03:14]} Kxc8 {[%clk 00:55:19]}
{[%emt 00:01:07]} 25. Nd4 {[%clk 01:17:36]} {[%emt 00:00:59]} b4 {[%clk
00:55:42]} {[%emt 00:00:06]} 26. b3 {[%clk 01:17:23]} {[%emt 00:00:44]} Bd5
{[%clk 00:54:54]} {[%emt 00:01:18]} 27. Nc2 {[%clk 01:16:27]} {[%emt 00:01:26]}
Bxb3 {[%clk 00:50:50]} {[%emt 00:04:34]} 28. Nxb4 {[%clk 01:16:46]} {[%emt
00:00:11]} Ba4 {[%clk 00:41:07]} {[%emt 00:10:12]} 29. f3 {[%clk 01:15:44]}
{[%emt 00:01:33]} Nc5 {[%clk 00:41:32]} {[%emt 00:00:04]} 30. Kf2 {[%clk
01:15:30]} {[%emt 00:00:44]} Nd7 {[%clk 00:40:45]} {[%emt 00:01:17]} 31. Ke3
{[%clk 01:14:31]} {[%emt 00:01:30]} Kb7 {[%clk 00:41:04]} {[%emt 00:00:11]} 32.
Kd4 {[%clk 01:13:08]} {[%emt 00:01:52]} Kb6 {[%clk 00:41:26]} {[%emt 00:00:09]}
33. Nd3 {[%clk 01:12:51]} {[%emt 00:00:46]} Kb5 {[%clk 00:40:40]} {[%emt
00:01:17]} 34. Nf2 {[%clk 01:12:23]} {[%emt 00:00:58]} Bc2 {[%clk 00:36:47]}
{[%emt 00:04:22]} 35. Bc1 {[%emt 00:01:26]} Kb4 {[%clk 00:35:07]} {[%emt
00:02:08]} 36. f4 {[%clk 01:10:56]} {[%emt 00:01:04]} Nb8 {[%clk 00:34:08]}
{[%emt 00:01:27]} 37. Bd2+ {[%clk 01:10:08]} {[%emt 00:01:20]} Kb5 {[%clk
00:34:33]} {[%emt 00:00:05]} 38. g4 {[%clk 01:10:12]} {[%emt 00:00:25]} Nc6+
{[%clk 00:34:03]} {[%emt 00:01:01]} 39. Kc3 {[%clk 01:10:30]} {[%emt 00:00:11]}
Bh7 {[%clk 00:34:25]} {[%emt 00:00:07]} 40. Be3 {[%clk 01:10:38]} {[%emt
00:00:24]} Nb4 {[%clk 00:34:20]} {[%emt 00:00:34]} 41. Bd2 {[%clk 01:06:03]}
{[%emt 00:05:06]} Nc6 {[%clk 00:32:25]} {[%emt 00:02:24]} 42. Be3 {[%clk
01:06:07]} {[%emt 00:00:27]} Ne7 {[%clk 00:32:48]} {[%emt 00:00:07]} 43. Bc1
{[%clk 01:04:05]} {[%emt 00:02:32]} Nd5+ {[%clk 00:32:48]} {[%emt 00:00:30]} 44.
Kd4 {[%clk 01:03:45]} {[%emt 00:00:50]} Nb4 {[%clk 00:31:58]} {[%emt 00:01:19]}
45. Bd2 {[%clk 00:58:34]} {[%emt 00:05:41]} Nc6+ {[%clk 00:32:12]} {[%emt
00:00:15]} 46. Ke3 {[%clk 00:58:44]} {[%emt 00:00:20]} Kc4 {[%clk 00:32:22]}
{[%emt 00:00:21]} 47. Ne4 {[%clk 00:58:01]} {[%emt 00:01:13]} Bxe4 {[%clk
00:27:11]} {[%emt 00:05:41]} 48. Kxe4 {[%clk 00:58:19]} {[%emt 00:00:12]} Nd4
{[%clk 00:25:03]} {[%emt 00:02:37]} 49. f5 {[%clk 00:55:42]} {[%emt 00:03:07]}
Nb3 {[%clk 00:24:54]} {[%emt 00:00:40]} 50. Be3 {[%clk 00:54:41]} {[%emt
00:01:31]} exf5 {[%clk 00:25:01]} {[%emt 00:00:22]} 51. Kxf5 {[%clk 00:51:49]}
{[%emt 00:03:22]} Kd5 {[%clk 00:24:28]} {[%emt 00:01:03]} 52. e6 {[%clk
00:50:57]} {[%emt 00:01:22]} Nd4 {[%clk 00:13:05]} {[%emt 00:11:53]} 53. Bxd4
{[%clk 00:50:45]} {[%emt 00:00:41]} fxe6 {[%clk 00:13:34]} {[%emt 00:00:01]} 54.
Kg6 {[%clk 00:50:44]} {[%emt 00:00:31]} Kxd4 {[%clk 00:14:03]} {[%emt
00:00:02]} 55. Kxg7 {[%clk 00:50:49]} {[%emt 00:00:24]} e5 {[%clk 00:14:19]}
{[%emt 00:00:15]} 56. g5 {[%clk 00:45:15]} {[%emt 00:06:04]} e4 {[%clk
00:14:33]} {[%emt 00:00:17]} 57. gxh6 {[%clk 00:44:32]} {[%emt 00:01:11]} e3
{[%clk 00:15:02]} {[%emt 00:00:01]} 58. h7 {[%clk 00:44:24]} {[%emt 00:00:38]}
e2 {[%clk 00:15:31]} {[%emt 00:00:01]} 59. h8=Q {[%clk 00:44:35]} {[%emt
00:00:20]} e1=Q {[%clk 00:15:58]} {[%emt 00:00:03]} 60. Qd8+ {[%clk 00:42:42]}
{[%emt 00:02:22]} Kc5 {[%clk 00:14:07]} {[%emt 00:02:20]} 61. Qf6 {[%clk
00:40:43]} {[%emt 00:02:30]} Qg3+ {[%clk 00:14:09]} {[%emt 00:00:27]} 62. Kh7
{[%clk 00:40:09]} {[%emt 00:01:05]} Qd3+ {[%clk 00:14:01]} {[%emt 00:00:38]} 63.
Kh8 {[%clk 00:40:14]} {[%emt 00:00:25]} Qg3 {[%clk 00:13:40]} {[%emt 00:00:50]}
64. h6 {[%clk 00:38:35]} {[%emt 00:02:11]} Qb8+ {[%clk 00:13:53]} {[%emt
00:00:17]} 65. Kg7 {[%clk 00:38:45]} {[%emt 00:00:20]} Qg3+ {[%clk 00:13:22]}
{[%emt 00:00:57]} 66. Kf7 {[%clk 00:38:55]} {[%emt 00:00:24]} Qb3+ {[%clk
00:13:34]} {[%emt 00:00:16]} 67. Kg7 {[%clk 00:32:58]} {[%emt 00:06:29]} Qg3+
{[%clk 00:13:52]} {[%emt 00:00:11]} 68. Kh8 {[%clk 00:33:10]} {[%emt 00:00:18]}
Qb8+ {[%clk 00:14:07]} {[%emt 00:00:14]} 69. Kh7 {[%clk 00:32:47]} {[%emt
00:00:54]} Qg3 {[%clk 00:12:56]} {[%emt 00:01:40]} 70. Qf8+ {[%clk 00:29:55]}
{[%emt 00:03:23]} Kb5 {[%clk 00:12:03]} {[%emt 00:01:23]} 71. Qf5+ {[%clk
00:27:51]} {[%emt 00:02:35]} Kb4 {[%clk 00:12:14]} {[%emt 00:00:18]} 72. Kh8
{[%clk 00:27:41]} {[%emt 00:00:40]} Qb8+ {[%clk 00:11:46]} {[%emt 00:00:54]} 73.
Kg7 {[%clk 00:28:02]} {[%emt 00:00:13]} Qg3+ {[%clk 00:11:49]} {[%emt
00:00:26]} 74. Kf6 {[%clk 00:28:19]} {[%emt 00:00:14]} Qd6+ {[%clk 00:11:13]}
{[%emt 00:01:07]} 75. Kg5 {[%clk 00:27:53]} {[%emt 00:00:55]} Qe7+ {[%clk
00:11:35]} {[%emt 00:00:08]} 76. Qf6 {[%clk 00:23:37]} {[%emt 00:04:47]} Qc5+
{[%clk 00:11:57]} {[%emt 00:00:06]} 77. Kg6 {[%clk 00:23:07]} {[%emt 00:01:01]}
Qg1+ {[%clk 00:09:47]} {[%emt 00:02:40]} 78. Qg5 {[%clk 00:23:02]} {[%emt
00:00:36]} Qb1+ {[%clk 00:09:52]} {[%emt 00:00:24]} 79. Qf5 {[%clk 00:23:05]}
{[%emt 00:00:27]} Qg1+ {[%clk 00:09:39]} {[%emt 00:00:43]} 80. Kh5 {[%clk
00:23:23]} {[%emt 00:00:11]} Ka3 {[%clk 00:08:58]} {[%emt 00:01:10]} 81. h7
{[%clk 00:17:45]} {[%emt 00:06:10]} Qh2+ {[%clk 00:09:23]} {[%emt 00:00:05]} 82.
Kg4 {[%clk 00:17:56]} {[%emt 00:00:19]} Qg1+ {[%clk 00:09:15]} {[%emt
00:00:38]} 83. Kh4 {[%clk 00:15:06]} {[%emt 00:03:20]} Qe1+ {[%clk 00:09:40]}
{[%emt 00:00:05]} 84. Kh5 {[%clk 00:15:08]} {[%emt 00:00:26]} Qh1+ {[%clk
00:09:42]} {[%emt 00:00:30]} 85. Kg6 {[%clk 00:14:39]} {[%emt 00:00:58]} Qc6+
{[%clk 00:09:12]} {[%emt 00:01:00]} 86. Kf7 {[%clk 00:14:00]} {[%emt 00:01:10]}
Qc7+ {[%clk 00:09:07]} {[%emt 00:00:33]} 87. Kg8 {[%clk 00:13:57]} {[%emt
00:00:34]} Qg3+ {[%clk 00:09:24]} {[%emt 00:00:12]} 88. Kf8 {[%clk 00:14:02]}
{[%emt 00:00:26]} Qb8+ {[%clk 00:09:33]} {[%emt 00:00:18]} 89. Kg7 {[%clk
00:13:27]} {[%emt 00:01:08]} Qg3+ {[%clk 00:09:38]} {[%emt 00:00:23]} 90. Kf6
{[%clk 00:13:52]} {[%emt 00:00:08]} Qd6+ {[%clk 00:09:23]} {[%emt 00:00:45]} 91.
Kg5 {[%clk 00:14:04]} {[%emt 00:00:18]} Qg3+ {[%clk 00:09:08]} {[%emt
00:00:45]} 92. Kh5 {[%clk 00:14:20]} {[%emt 00:00:13]} Qh2+ {[%clk 00:09:23]}
{[%emt 00:00:13]} 93. Kg4 {[%clk 00:14:36]} {[%emt 00:00:16]} Qg1+ {[%clk
00:09:40]} {[%emt 00:00:14]} 94. Kf4 {[%clk 00:14:55]} {[%emt 00:00:10]} Qf2+
{[%clk 00:09:36]} {[%emt 00:00:35]} 95. Ke4 {[%clk 00:15:13]} {[%emt 00:00:11]}
Qc2+ {[%clk 00:09:45]} {[%emt 00:00:21]} 96. Ke5 {[%clk 00:15:19]} {[%emt
00:00:22]} Qc5+ {[%clk 00:10:03]} {[%emt 00:00:12]} 97. Kf6 {[%clk 00:14:53]}
{[%emt 00:00:57]} Qd6+ {[%clk 00:10:31]} {[%emt 00:00:01]} 98. Kf7 {[%clk
00:14:33]} {[%emt 00:00:51]} Qc7+ {[%clk 00:10:47]} {[%emt 00:00:12]} 99. Ke8
{[%clk 00:14:43]} {[%emt 00:00:22]} Qb8+ {[%clk 00:10:47]} {[%emt 00:00:31]}
100. Ke7 {[%clk 00:15:01]} {[%emt 00:00:11]} Qc7+ {[%clk 00:09:45]} {[%emt
00:01:33]} 101. Kf8 {[%clk 00:15:06]} {[%emt 00:00:25]} Qb8+ {[%clk 00:09:49]}
{[%emt 00:00:23]} 102. Kf7 {[%clk 00:15:23]} {[%emt 00:00:15]} Qc7+ {[%clk
00:10:00]} {[%emt 00:00:19]}  1/2-1/2